| 000 | 00827nam a2200229 a 4500 | ||
|---|---|---|---|
| 001 | 17075 | ||
| 003 | CO-ViMGA | ||
| 008 | 141112s2004 ck r 000 u spa d | ||
| 020 | _a9586555348 | ||
| 040 |
_aCO-ViMGA _bspa _cCO-ViMGA |
||
| 082 | 0 | 4 | _a079.861 U741c |
| 100 | 1 |
_aUribe de H., Maria Teresa; Alvarez Gaviria, Jesus Maria _924228 |
|
| 245 | 1 | 0 | _aCien años de prensa en Colombia 1840 - 1940 . Catálogo indizado de la prensa existente en la sala de periodicos de la biblioteca central de la universidad de Antioquia |
| 250 | _a2 | ||
| 260 |
_aMedellín (Antioquia), _cUniversidad de Antioquia, _c2002 |
||
| 300 | _a371.p. | ||
| 590 | _aForma de adquisición : Premio - Mincultura | ||
| 650 | 1 | 4 | _aPERIODISMO - COLOMBIA |
| 650 | 1 | 4 |
_aPRENSA - COLOMBIA _924229 |
| 650 | 1 | 4 |
_aPRENSA - INDICES _924230 |
| 942 |
_2ddc _cBK |
||
| 999 |
_c26688 _d26688 |
||